| 000 | 00609nam a2200193Ia 4500 | ||
|---|---|---|---|
| 003 | IN-BaIIA | ||
| 008 | 211028s9999 xx 000 0 eng d | ||
| 020 | _a0-933346-28-X | ||
| 040 | _cIIA Library | ||
| 080 |
_a084.4:524.33 _bSCO |
||
| 100 |
_aScovil, Charles E _912040 |
||
| 245 | 4 |
_aThe AAVSO variable star atlas _cCharles E Scovil |
|
| 260 |
_aCambridge _bSky Publishing _c1980 |
||
| 300 | _a[various pagings.] | ||
| 650 |
_aAstronomy -- Observers' manuals _912041 |
||
| 650 |
_aVariable stars _91140 |
||
| 650 |
_aVariable stars -- Atlases _912042 |
||
| 942 | _cBK | ||
| 999 |
_c7039 _d7039 |
||